000 00300nam a22001337a 4500
008 180115b xxu||||| |||| 00| 0 eng d
020 _a0077768256
041 _aeng
080 _23 ED
_a070
100 _a39
101 _aMED
245 _aINTERPERSONAL COMMUNICATION
_cFLOYD.K
942 _2udc
_cBK
999 _c40243
_d40243